Champions League winner and World Cup All Star - Statistics

General Stats
  • This quiz has been taken 33 times
  • The average score is 9 of 15
Answer Stats
Year Teams Player % Correct
1974 Bayern Munich / Germany Franz Beckenbauer
87%
1990 AC Milan / Italy Paolo Maldini
83%
1994 AC Milan / Italy Paolo Maldini
83%
2014 Real Madrid / Argentina Ángel Di María
80%
2010 Inter Milan / Netherlands Wesley Sneijder
80%
2014 Real Madrid / Brazil Marcelo
77%
1998 Real Madrid / Brazil Roberto Carlos
67%
2002 Real Madrid / Brazil Roberto Carlos
67%
1998 Real Madrid / Croatia Davor Šuker
63%
1990 AC Milan / Italy Franco Baresi
50%
2010 Inter Milan / Brazil Maicon
47%
2002 Real Madrid / Spain Fernando Hierro
40%
1958 Real Madrid / France Raymond Kopa
40%
1974 Bayern Munich / Germany Sepp Maier
30%
1974 Bayern Munich / Germany Paul Breitner
27%
No matching quizzes found
Score Distribution
Percent of People with Each Score
Percentile by Number Answered
Your Score History
You have not taken this quiz